Music Quiz

Random Music or Song Quiz
Score 0/21 Timer 06:00
0 Plays Today
Time Artist % Correct
0:10Phil Collins
96.6%
1:00Paula Abdul
88.8%
0:20Bobby Brown
85.8%
1:40Madonna
85.4%
2:30Phil Collins
85%
1:30Billy Joel
81.5%
1:50Paula Abdul
79.8%
0:50Poison
75.5%
1:10Richard Marx
74.7%
0:30Janet Jackson
73.8%
2:00Bette Midler
70.4%
Time Artist % Correct
0:40Linda Ronstadt featuring Aaron Neville
64.8%
2:20Milli Vanilli
63.1%
1:20Debbie Gibson
56.7%
3:20Milli Vanilli
54.5%
2:40Milli Vanilli
54.1%
0:00Chicago
51.5%
3:10Anita Baker
40.8%
3:00Bad English
40.3%
2:10Soul II Soul
39.9%
2:50Will to Power
36.1%
Remove Ads.
Support Sporcle.
Get the best of Sporcle when you Go Orange. This ad-free experience offers more features, more stats, and more fun while also helping to support Sporcle. Thank you for becoming a member.

You're not logged in!

Compare scores with friends on all Sporcle quizzes.
OR
Log In

Show Comments

Extras

Top Quizzes Today


Score Distribution

Your Account Isn't Verified!

In order to create a playlist on Sporcle, you need to verify the email address you used during registration. Go to your Sporcle Settings to finish the process.

Report this User

Report this user for behavior that violates our Community Guidelines.

Details: